| 000 | 00564nam a22002057a 4500 | ||
|---|---|---|---|
| 005 | 20150824113114.0 | ||
| 010 | _aENG-113479 | ||
| 020 |
_c1704.00 _a1920694560 |
||
| 020 |
_c1704.00 _a9781920694562 |
||
| 035 | _aEN-97011 | ||
| 037 | _bDBAD/PUB | ||
| 082 | _aN | ||
| 100 | _aWilson, Josephine | ||
| 245 |
_aCusp / _cby Josephine Wilson |
||
| 260 |
_aCrawley _bUniversity of Western Australia _c2005 |
||
| 270 |
_aWestern Australia _bAustralia _e6009 |
||
| 300 |
_a249p. _c21cm(pbk) |
||
| 650 |
_aMothers and daughters _vFiction. |
||
| 942 |
_2ddc _cEN _mWIL _hN |
||
| 999 |
_c94924 _d94924 |
||